| 000 | 00511nam a22001697a 4500 | ||
|---|---|---|---|
| 008 | 230424b |||||||| |||| 00| 0 eng d | ||
| 040 |
_aNational Science Library _cNational Science Library |
||
| 080 |
_a668.44 _bK2 |
||
| 245 | _aWater-soluble resins | ||
| 260 |
_aNew York: _bReinhold Publishing Corporation, _c1962 |
||
| 300 | _avii, 209p. | ||
| 650 | _aChemical technology | ||
| 653 | _aAcrylic acid | ||
| 700 | _aDavidson, Robert L (Ed.) | ||
| 700 | _aSitting, Marshall (Ed.) | ||
| 942 |
_2udc _cREF |
||
| 999 |
_c22805 _d22805 |
||